| 000 | 00581nam a2200181Ia 4500 | ||
|---|---|---|---|
| 003 | GCL | ||
| 005 | 20240530095446.0 | ||
| 008 | 140319s9999 xx 000 0 ara d | ||
| 040 |
_aGCL / _cGCL |
||
| 082 | 0 | 4 |
_a811.4 _bم د |
| 100 | 1 | _aمحمد الطاهر ابن عاشور | |
| 245 | 1 | 0 |
_aديوان بشار بن برد / _cمحمد الطاهر ابن عاشور |
| 260 |
_aتونس : _bالشركة التونسية للتوزيع ، _c1976 |
||
| 300 |
_a278ص ؛ _c24سم |
||
| 650 | 0 | 4 | _aالشعر |
| 650 | 0 | 4 | _aالشعر - دواوين و قصائد |
| 942 |
_2ddc _cBK |
||
| 999 |
_c7468 _d7468 |
||